| 000 -LEADER |
| fixed length control field |
00809nam a22001697a 4500 |
| 005 - DATE AND TIME OF LATEST TRANSACTION |
| control field |
20260123084125.0 |
| 008 - FIXED-LENGTH DATA ELEMENTS--GENERAL INFORMATION |
| fixed length control field |
230714b ||||| |||| 00| 0 eng d |
| 040 ## - CATALOGING SOURCE |
| Transcribing agency |
SSBUL |
| Modifying agency |
SSBUL |
| 082 ## - DEWEY DECIMAL CLASSIFICATION NUMBER |
| Edition number |
23 |
| Classification number |
၈၉၅.၆၁ ဖူ ၁၆၀၁၃ (S-SAT) |
| 100 ## - MAIN ENTRY--PERSONAL NAME |
| Personal name |
ဖူဂျီဝါရာတေက။ |
| 9 (RLIN) |
28003 |
| 245 ## - TITLE STATEMENT |
| Title |
စာဆိုတရာ ကဗျာတစ်ပုဒ် / |
| Statement of responsibility, etc. |
ဖူဂျီဝါရာတေက၊ ဘာသာပြန်သူများ တက္ကသိုလ်ညိုမေ(ဒေါ်ခင်ရီ)။ |
| 300 ## - PHYSICAL DESCRIPTION |
| Extent |
၁၀၀ စာမျက်နှာ၊ |
| Dimensions |
၂၁ စင်တီ။ |
| 500 ## - GENERAL NOTE |
| General note |
S-SAT: Dr. Prof Sai Aung Tun |
| 650 ## - SUBJECT ADDED ENTRY--TOPICAL TERM |
| Topical term or geographic name entry element |
ဂျပန်ကဗျာ။ |
| 9 (RLIN) |
28004 |
|
| Topical term or geographic name entry element |
ဂျပန်စာပေ |
| General subdivision |
ကဗျာ။ |
| 9 (RLIN) |
28005 |
| 942 ## - ADDED ENTRY ELEMENTS (KOHA) |
| Source of classification or shelving scheme |
|
| Koha item type |
Book (Short term) |